Statistics for Most Expensive Transfers from Palermo FC

Click here to take the quiz!

General Stats

  • This quiz has been taken 33 times
  • The average score is 4 of 12

Answer Stats

SumToSeasonPlayer Name% Correct
42.00mParis SG'11-'12Javier Pastore
90%
40.00mJuventus'15-'16Paulo Dybala
83%
12.00mSSC Napoli'11-'12Edinson Cavani
73%
14.00mVfL Wolfsburg'08-'09Andrea Barzagli
37%
8.40mTorino'15-'16Andrea Belotti
33%
16.80mSevilla'16-'17Franco Vázquez
33%
10.00mFiorentina'05-'06Luca Toni
23%
22.80mJuventus'08-'09Amauri
20%
5.50mFiorentina'06-'07Fabio Grosso
17%
12.00mHull City'14-'15Abel Hernández
13%
9.00mFiorentina'14-'15Josip Ilicic
10%
12.50mVfL Wolfsburg'10-'11Simon Kjaer
10%

Score Distribution

Percentile by Number Answered

Percent of People with Each Score

Your Score History

You have not taken this quiz